SC Paderborn Bundesliga history - Statistiken

Allgemein
  • Dieses Quiz wurde 27 mal gespielt
  • Das Durchschnittsergebnis liegt bei 18 aus 49
Antwortstatistiken
Spieler % Korrekt
Sven Michel
83%
Lukas Kruse
78%
Uwe Hünemeier
78%
Elias Kachunga
74%
Moritz Stoppelkamp
74%
Christian Strohdiek
70%
Leopold Zingerle
70%
Jannik Huth
65%
Streli Mamba
61%
Alban Meha
57%
Sebastian Schonlau
52%
Mahir Saglik
48%
Marvin Bakalorz
48%
Laurent Jans
43%
Süleyman Koç
43%
Dennis Srbeny
39%
Jens Wemmer
39%
Kai Pröger
39%
Lukas Rupp
39%
Abdelhamid Sabiri
35%
Christopher Antwi-Adjei
35%
Jamilu Collins
35%
Mario Vrancic
35%
Mohamed Dräger
35%
Daniel Brückner
30%
Marvin Ducksch
30%
Rafa Lopez
30%
Sebastian Vasiliadis
30%
Srdjan Lakic
30%
Ben Zolinski
26%
Gerrit Holtmann
26%
Klaus Gjasula
26%
Luca Kilian
26%
Mirnes Pepic
26%
Thomas Bertels
26%
Antony Evans
22%
Babacar Gueye
22%
Patrick Ziegler
22%
Cauly
17%
Dennis Jastrzembski
17%
Idir Ouali
17%
Jan-Luca Rumpf
17%
Khiry Shelton
17%
Marc Vucinovic
17%
Marlon Ritter
17%
Samúel Fridjónsson
17%
Stefan Kutschke
17%
Florian Hartherz
13%
Michael Heinloth
13%
Keine übereinstimmenden Quizze gefunden
Verteilung der Resultate
Anzahl Personen mit jedem Resultat
Perzentil nach korrekt beantworteten Fragen
Ihre Resultats-Entwicklung
Sie haben dieses Quiz noch nicht gespielt